[Event "Budapest Rakosmente op 19th"]
[Site "Budapest"]
[Date "2021.07.02"]
[Round "2"]
[White "Lang, Kristof Mark"]
[Black "Farkas, Imre"]
[Result "1-0"]
[WhiteElo "1137"]
[BlackElo "1426"]
[PlyCount "71"]
[EventDate "2021.07.01"]
[EventType "swiss"]
[EventRounds "6"]
[EventCountry "HUN"]
[SourceTitle "CBM 203 Extra"]
[Source "ChessBase"]
[SourceDate "2021.09.30"]
[SourceVersion "1"]
[SourceVersionDate "2021.09.30"]
[SourceQuality "1"]

1. e4 c5 2. Nf3 d6 3. d4 cxd4 4. Nxd4 Nf6 5. Nc3 a6 6. Bd3 e5 7. Nf3 b5 8. 0-0 Ng4 9. h3 Nf6 10. Bg5 h6 11. Bh4 Nbd7 12. Qd2 g5 13. Bg3 g4 14. hxg4 Nxg4 15. Nd5 Nc5 16. Bh4 f6 17. Ne1 Bb7 18. f3 Bxd5 19. exd5 Qb6 20. Bg6+ Kd7 21. Kh1 h5 22. fxg4 hxg4 23. g3 Be7 24. Kg2 Raf8 25. Bf5+ Kd8 26. Bxg4 Rfg8 27. Qe2 Qb7 28. Rd1 Nd7 29. Qe4 Nc5 30. Qf5 Rf8 31. Nd3 Qxd5+ 32. Kh3 Ke8 33. Nxc5 Qc6 34. Bh5+ Rxh5 35. Qxh5+ Kd8 36. Ne6+ 1-0

[Event "Budapest FS08 FM"]
[Site "Budapest"]
[Date "2019.08.13"]
[Round "10"]
[White "Gruz, Janos"]
[Black "Farkas, Imre"]
[Result "0-1"]
[WhiteElo "1550"]
[BlackElo "1441"]
[PlyCount "62"]
[EventDate "2019.08.03"]
[EventType "tourn"]
[EventRounds "10"]
[EventCountry "HUN"]
[SourceTitle "EXT 2020"]
[Source "ChessBase"]
[SourceDate "2019.10.17"]
[SourceVersion "1"]
[SourceVersionDate "2019.10.17"]
[SourceQuality "1"]

1. e4 c5 2. Nf3 d6 3. d4 cxd4 4. Nxd4 g6 5. Nc3 a6 6. Be3 e6 7. Be2 Bg7 8. Qd2 Ne7 9. Bh6 Bxh6 10. Qxh6 Qb6 11. Nb3 Nbc6 12. Qg7 Rg8 13. Qxh7 Bd7 14. h4 0-0-0 15. Qh6 f5 16. Qd2 Ne5 17. f3 Bc6 18. Qd4 Qc7 19. 0-0-0 d5 20. f4 Nd7 21. e5 Nb6 22. Nc5 Bd7 23. Bf3 Nc6 24. Qf2 Nc4 25. N3a4 Kb8 26. b3 Na3 27. Nb6 Bc8 28. Nxc8 Qxc8 29. h5 gxh5 30. Rxh5 Nb4 31. c4 dxc4 0-1

[Event "Budapest FS08 FM"]
[Site "Budapest"]
[Date "2019.08.12"]
[Round "9"]
[White "Farkas, Imre"]
[Black "Kaibinger, Karoly"]
[Result "0-1"]
[WhiteElo "1441"]
[BlackElo "1790"]
[PlyCount "64"]
[EventDate "2019.08.03"]
[EventType "tourn"]
[EventRounds "10"]
[EventCountry "HUN"]
[SourceTitle "EXT 2020"]
[Source "ChessBase"]
[SourceDate "2019.10.17"]
[SourceVersion "1"]
[SourceVersionDate "2019.10.17"]
[SourceQuality "1"]

1. d4 d5 2. c4 c6 3. Nc3 Nf6 4. Bf4 a6 5. e3 g6 6. Nf3 Bg7 7. c5 Nh5 8. Bg3 Bg4 9. Qc2 Nd7 10. Bd3 Bxf3 11. gxf3 e5 12. Bxe5 Nxe5 13. dxe5 Bxe5 14. f4 Bg7 15. 0-0-0 Qa5 16. Na4 0-0-0 17. Nb6+ Kb8 18. a3 Rhe8 19. Kb1 Bf8 20. Rc1 Ka7 21. Na4 Qc7 22. b4 Nf6 23. b5 cxb5 24. Bxb5 Re4 25. Nc3 Re6 26. f5 gxf5 27. Bd3 Qxc5 28. Na4 Qxa3 29. Qd1 Ne4 30. Bxa6 Qb4+ 31. Ka2 Rxa6 32. Qb3 Rxa4+ 0-1

[Event "Budapest FS08 FM"]
[Site "Budapest"]
[Date "2019.08.04"]
[Round "2"]
[White "Chivela, Felisberto"]
[Black "Farkas, Imre"]
[Result "1-0"]
[WhiteElo "1804"]
[BlackElo "1441"]
[PlyCount "105"]
[EventDate "2019.08.03"]
[EventType "tourn"]
[EventRounds "10"]
[EventCountry "HUN"]
[SourceTitle "EXT 2020"]
[Source "ChessBase"]
[SourceDate "2019.10.17"]
[SourceVersion "1"]
[SourceVersionDate "2019.10.17"]
[SourceQuality "1"]

1. d4 Nf6 2. c4 e6 3. Nf3 b6 4. e3 Bb7 5. Bd3 Nc6 6. 0-0 Be7 7. Nc3 d5 8. Qe2 0-0 9. a3 Re8 10. b4 Bf8 11. Bb2 h6 12. Rac1 Ne7 13. cxd5 Nexd5 14. Bb1 Nxc3 15. Bxc3 Be4 16. Ba2 Bd5 17. Bc4 Bd6 18. Ne5 Ne4 19. f3 Nxc3 20. Rxc3 Bxc4 21. Nxc4 Be7 22. Rfc1 f6 23. Nd2 Bd6 24. Ne4 a5 25. b5 Re7 26. a4 Bb4 27. Rc6 f5 28. Nf2 Rc8 29. Qc4 Bd6 30. Rxb6 cxb6 31. Qxc8 Qxc8 32. Rxc8+ Kf7 33. Rc6 Bc7 34. Nd3 Rd7 35. Nb2 Bd8 36. Nc4 Rc7 37. Rxc7+ Bxc7 38. g4 Kf6 39. h4 g5 40. h5 fxg4 41. fxg4 Ke7 42. Kf2 Kd7 43. Kf3 Ke7 44. Ke4 Kf6 45. d5 Ke7 46. d6+ Bxd6 47. Nxb6 Bb8 48. Nc4 Kd7 49. Nxa5 Kd6 50. Nb3 Kd7 51. Nd4 Bd6 52. a5 Kc7 53. Nxe6+ 1-0

[Event "Budapest Karacsonyi op"]
[Site "Budapest"]
[Date "2017.12.30"]
[Round "6"]
[White "Banhidi, Ferenc"]
[Black "Farkas, Imre"]
[Result "1-0"]
[WhiteElo "1701"]
[BlackElo "1500"]
[PlyCount "72"]
[EventDate "2017.12.27"]
[EventType "swiss"]
[EventRounds "7"]
[EventCountry "HUN"]
[SourceTitle "CBM 182 Extra"]
[Source "ChessBase"]
[SourceDate "2018.02.23"]
[SourceVersion "1"]
[SourceVersionDate "2018.02.23"]
[SourceQuality "1"]

1. e4 e6 2. d4 c6 3. Bd3 d5 4. e5 Nd7 5. Nf3 Be7 6. 0-0 h5 7. Be3 Nb6 8. b3 Bd7 9. a4 a5 10. c4 dxc4 11. bxc4 g5 12. Nc3 g4 13. Nd2 f5 14. exf6 Nxf6 15. Nde4 Nxe4 16. Nxe4 Rg8 17. Rb1 Qc7 18. d5 c5 19. d6 Bxd6 20. Nxd6+ Ke7 21. Nb5 Qe5 22. Re1 Bc6 23. Bd4 Qg5 24. Re5 Qh4 25. Bxc5+ Kf6 26. Qe2 Rae8 27. Bxb6 Bxg2 28. Bd4 Kf7 29. Nd6+ Kf8 30. Nxe8 Bf3 31. Qf1 g3 32. Bc5+ Kxe8 33. Rxe6+ Kd8 34. Be7+ Qxe7 35. Rxe7 gxh2+ 36. Kxh2 Rg2+ 1-0

[Event "Budapest Karacsonyi op"]
[Site "Budapest"]
[Date "2017.12.30"]
[Round "7"]
[White "Farkas, Imre"]
[Black "Bolyki, Istvan"]
[Result "1-0"]
[WhiteElo "1500"]
[BlackElo "1620"]
[PlyCount "104"]
[EventDate "2017.12.27"]
[EventType "swiss"]
[EventRounds "7"]
[EventCountry "HUN"]
[SourceTitle "CBM 182 Extra"]
[Source "ChessBase"]
[SourceDate "2018.02.23"]
[SourceVersion "1"]
[SourceVersionDate "2018.02.23"]
[SourceQuality "1"]

1. d4 Nf6 2. c4 g6 3. Nc3 Bg7 4. e4 d6 5. Bf4 Nbd7 6. Nf3 0-0 7. Qd2 e5 8. Bh6 Re8 9. Bxg7 Kxg7 10. h4 h5 11. d5 Nc5 12. Qc2 a5 13. a4 Bg4 14. Nh2 Qd7 15. f3 Ra6 16. Be2 Bh3 17. Bf1 Bg4 18. fxg4 Nxg4 19. Be2 Ne3 20. Qd2 Nxg2+ 21. Kf2 Nf4 22. Rag1 Nh3+ 23. Ke1 Nxg1 24. Rxg1 Rb6 25. Bxh5 Rxb2 26. Qg5 Nd3+ 27. Kd1 Rxh2 28. Bxg6 Qe7 29. Qg3 Qxh4 30. Bf5+ Qxg3 31. Rxg3+ Kf6 32. Rxd3 Rg8 33. Rd2 Rxd2+ 34. Kxd2 Rg2+ 35. Kc1 Rf2 36. Bc8 b6 37. Kb1 Kg5 38. Nb5 Kf4 39. Bf5 Ke3 40. Nxc7 Kd3 41. Ne8 Kxc4 42. Nxd6+ Kb3 43. Kc1 Rc2+ 44. Kd1 f6 45. Nc8 Rh2 46. Nxb6 Rh8 47. d6 Kb4 48. d7 Rf8 49. Nd5+ Kxa4 50. Nxf6 Rd8 51. Ng4 Kb4 52. Nxe5 a4 1-0

[Event "Budapest FS04 Development"]
[Site "Budapest"]
[Date "2017.04.07"]
[Round "7"]
[White "Farkas, Imre"]
[Black "Szlenka, Attila"]
[Result "0-1"]
[WhiteElo "1432"]
[BlackElo "1719"]
[PlyCount "105"]
[EventDate "2017.04.01"]
[EventType "tourn"]
[EventRounds "10"]
[EventCountry "HUN"]
[SourceTitle "CBM 177 Extra"]
[Source "ChessBase"]
[SourceDate "2017.04.27"]
[SourceVersion "1"]
[SourceVersionDate "2017.04.27"]
[SourceQuality "1"]

1. d4 Nf6 2. c4 g6 3. Nc3 Bg7 4. e4 d6 5. Nf3 0-0 6. h3 Nbd7 7. Bf4 Re8 8. Bd3 e5 9. Be3 exd4 10. Bxd4 Nc5 11. Bxc5 dxc5 12. 0-0 c6 13. Qc2 Qc7 14. Qc1 Nh5 15. Ne2 h6 16. Rb1 Be6 17. g4 Nf6 18. b3 Rad8 19. Qe3 b6 20. Rbd1 Re7 21. Nf4 Bc8 22. Rfe1 Rde8 23. Nd2 g5 24. Ng2 Nd7 25. Nf3 Ne5 26. Bc2 Nxf3+ 27. Qxf3 Qe5 28. Ne3 Qc3 29. Re2 Rd7 30. Rxd7 Bxd7 31. Kg2 Be6 32. Nf5 Bxf5 33. gxf5 Qd4 34. Qe3 Qa1 35. Qf3 Rd8 36. f6 Qxf6 37. Qe3 Rd4 38. Qg3 Qe7 39. Qb8+ Rd8 40. Qg3 Be5 41. Qg4 Kh8 42. Qf5 Rd6 43. f3 Kg7 44. Qg4 Rf6 45. Kf2 Rf4 46. Qg3 Rh4 47. Qg2 Qd7 48. Kf1 Rxh3 49. f4 Bxf4 50. e5 Rh2 51. Qe4 Qh3+ 52. Rg2 Qxg2+ 53. Qxg2 0-1